| 000 | 00500nam a22001697a 4500 | ||
|---|---|---|---|
| 999 |
_c16638 _d16638 |
||
| 008 | 180203b xxu||||| |||| 00| 0 eng d | ||
| 020 | _aNI | ||
| 040 |
_aKABU _cKABU |
||
| 050 |
_aRM300 _b.K56 2015 c. 1 |
||
| 245 |
_aConcise pharmacology & pharmacotherapeutics _cedited by James H. Kimotho |
||
| 250 | _a3rd ed. | ||
| 260 |
_aNairobi _bPharmaceutical Loci publishers _c2015 |
||
| 300 | _avi, 296 p. | ||
| 650 | _aPharmacology | ||
| 700 | _aKibwagi, I.O. | ||
| 942 |
_2lcc _cBK _e3rd ed. _hRM300 |
||